Devinettes avec le nombre "12" - Statistiques

Statistiques générales
  • Ce quiz a été pris 508 fois
  • Le résultat moyen est 4 sur 7
Statistiques - réponses
Hint Réponse % Correct
Émission de télévision présenté par Jean-Luc Reichmann Les 12 coups de midi
96%
On en compte 12 dans une année Les 12 mois de l'année
90%
Exploit réalisé par Hercule Les 12 travaux d'Hercule
87%
Les disciples de Jesus Christ Les 12 apôtres
70%
Signes astrologiques Les 12 signes du zodiaque
31%
Film de 1957 dans lequel un jury composé de douze hommes procèdent un vote contre un homme accusé du meurtre de son père Douze Hommes en colère
29%
Film de Barbie dans lequel le personnage principal Genevieve a 11 sœurs princesses Barbie au bal des douze princesses
24%
Aucun quiz correspondant
Distribution des résultats
% des personnes avec chaque résultat
Percentile par nombre de réponses
Votre historique - résultats
Vous n’avez pas pris ce quiz